Εισαγωγή στον προγραμματισμό με την C : επίλυση προβλημάτων και σχεδιασμός προγραμμάτων

Αποθηκεύτηκε σε:
Λεπτομέρειες βιβλιογραφικής εγγραφής
Κύριος συγγραφέας: Μισυρλής, Νίκος
Μορφή: Βιβλίο
Γλώσσα:Greek
Δημοσίευση: Αθήνα : [χ.ό.], 2005.
Θέματα:
Ετικέτες: Προσθήκη ετικέτας
Δεν υπάρχουν, Καταχωρήστε ετικέτα πρώτοι!

MARC

LEADER 00000cam a2200000 i 4500
001 1/105615
008 090528s2005 gr | ||| |||| ||gre||
020 |a 9609203108 
035 |l 10104899 
040 |a GR-MyUA  |b gre  |e AACR2 
041 0 |a gre 
082 0 |a 005.133  |2 (22) 
100 1 |a Μισυρλής, Νίκος. 
245 1 0 |a Εισαγωγή στον προγραμματισμό με την C :   |b επίλυση προβλημάτων και σχεδιασμός προγραμμάτων /   |c Νικόλαος Μισυρλής.  
260 |a Αθήνα :   |b [χ.ό.],   |c 2005.  
300 |a 340 σ. :   |b πίν. ;   |c 24 εκ.  
504 |a Περιέχει βιβλιογραφικές πραραπομπές.  
650 0 0 |a Programming languages (Electronic computers) 
650 0 0 |a C (Computer program language) 
852 |a INST  |b SAMOS  |e 20090528  |h 005.133 ΜΙΣ  |p 005300027048  |q 005300027048  |t BK  |y 0 
852 |a INST  |b SAMOS  |e 20090528  |h 005.133 ΜΙΣ  |p 005300027157  |q 005300027157  |t BK  |y 23 
852 |a INST  |b SAMOS  |e 20111207  |h 005.133 ΜΙΣ  |p 005300034189  |q 005300034189  |t BK  |y 0 
852 |a INST  |b SAMOS  |e 20111207  |h 005.133 ΜΙΣ  |p 005300034190  |q 005300034190  |t BK  |y 0 
852 |a INST  |b SAMOS  |e 20111207  |h 005.133 ΜΙΣ  |p 005300034191  |q 005300034191  |t BK  |y 0 
901 |a BIBL3-2011-3 
901 |a BIBL3-2009-2 
909 |a Σ  |b 171962 
909 |a Σ  |b 134376 
909 |a Σ  |b 171963 
909 |a Σ  |b 171964 
909 |a Σ  |b 134483 
920 |a ΦΟΙΤΗΤΙΚΗ ΜΕΡΙΜΝΑ   |y Σάμος  |z 2011-11 
920 |a ΦΟΙΤΗΤΙΚΗ ΜΕΡΙΜΝΑ  |b ΤΜΠΕΣ  |y Σάμος  |z 2008-01 
970 |a ΡΟΥΣΣΟΥ  |b ΚΩΝΣΤΑΝΤΙΝΑ  |z 2009/05/28